000 00574nam a2200181Ia 4500
008 090630s9999 xx 000 0 und d
082 _b28408
100 _aलोही म. ना.
245 _aडॉ. हेडगेवार.
_cलोही म. ना.
260 _bलाखे - नागपूर.
_c2006
300 _a32
600 _aलोही म. ना.
630 _aडॉ. हेडगेवार.
655 _aबालवाङमय.
700 _aलोही म. ना.
730 _aडॉ. हेडगेवार.
942 _cBOOK
999 _c280264
_d280264